| 000 | 00344nam a22001457a 4500 | ||
|---|---|---|---|
| 003 | OSt | ||
| 005 | 20231220103415.0 | ||
| 008 | 231220b |||||||| |||| 00| 0 eng d | ||
| 040 | _cIIMT UNIVERSITY | ||
| 100 | _aGUPTA, SANJEEV | ||
| 245 | _aMICROWAVE ENGINEERING | ||
| 260 |
_aNEW DELHI _bSHUBHAM PUB. _c2011 |
||
| 300 | _a256 | ||
| 942 |
_2ddc _c06 |
||
| 999 |
_c57832 _d57832 |
||